000
00332nam a2200133Ia 4500
008
150201s2010 xx 000 0 und d
082
_a
611
_b
N10C
100
_a
CROSSMAN,AR
245
_a
NEUROANATOMY: AN ILLUSTRATED COLOUR TEXT
250
_a
4TH
260
_b
ELSEVIER
_a
DELHI
_c
2010
650
_a
HUMAN ANATOMY
942
_2
ddc
_c
BK
_0
6
999
_c
1103
_d
1103